| 000 | 00621 a2200217 4500 | ||
|---|---|---|---|
| 005 | 20260206120123.0 | ||
| 008 | 260206b |||||||| |||| 00| 0 eng d | ||
| 020 |
_a9789359193373 _cRs. 4995.00 |
||
| 040 | _aMAIN | ||
| 082 |
_a631.523 _bS23P |
||
| 100 | _a Sharma, S N | ||
| 245 | _aPlant breeding and biotechnology: Enhancing crop resilience, productivity and sustainability | ||
| 260 |
_bDaya Publishing House _c2026 _aNew Delhi |
||
| 300 | _axvii, 676 | ||
| 650 | _aAgriculture | ||
| 650 | _aPlant Breeding | ||
| 650 | _aBiotechnology | ||
| 650 | _aCrop Production | ||
| 700 | _aSwati Sharma | ||
| 942 | _cBK | ||
| 999 |
_c395002 _d395002 |
||